Taylor Swift - Chansons commençant par B - Statistiques

Statistiques générales
  • Ce quiz a été pris 1 033 fois
    861 depuis la dernière actualisation
  • Le résultat moyen est 9 sur 18
Statistiques - réponses
B % Correct
betty
74%
Bejeweled
73%
Blank Space
68%
Bad Blood
67%
Better Than Revenge
64%
Back to December
62%
Babe
61%
The Bolter
56%
Better Man
53%
Bigger Than The Whole Sky
53%
Bye Bye Baby
53%
Begin Again
50%
The Best Day
47%
But Daddy I Love Him
45%
The Black Dog
43%
Breathe
41%
Beautiful Eye
18%
Beautiful Ghosts
17%
Aucun quiz correspondant
Distribution des résultats
% des personnes avec chaque résultat
Percentile par nombre de réponses
Votre historique - résultats
Vous n’avez pas pris ce quiz depuis la dernière actualisation